|
|
|
|
| LEADER |
00000nam0a2200000 4500 |
| 001 |
196061 |
| 005 |
20231031182955.0 |
| 010 |
|
|
|b 250 экз.
|
| 035 |
|
|
|a (RuTPU)RU\TPU\book\213896
|
| 035 |
|
|
|a RU\TPU\tpu\7319
|
| 090 |
|
|
|a 196061
|
| 100 |
|
|
|a 20110518d1926 u y0rusy50 ca
|
| 101 |
0 |
|
|a rus
|
| 102 |
|
|
|a RU
|
| 105 |
|
|
|a af j 000|y
|
| 200 |
1 |
|
|a Паровозы
|h II
|i Тяговые расчеты
|f Н. И. Карташев (Карташов)
|g Сибирский технологический институт (СТИ)
|
| 210 |
|
|
|a Томск
|c Издатком СТИ
|d 1926
|
| 215 |
|
|
|a 157 с.
|c ил.
|
| 300 |
|
|
|a Стеклограф. издание.
|
| 316 |
|
|
|5 63413507: ШкА/2301
|a С автографом автора. На обложке надапись: "В библиотеку СТИ (шкаф А) автор. 28.12.25."
|
| 610 |
1 |
|
|a транспорт
|
| 610 |
1 |
|
|a труды учёных ТПУ
|
| 610 |
1 |
|
|a транспортное машиностроение
|
| 610 |
1 |
|
|a учебные пособия
|
| 610 |
1 |
|
|a дарственная надпись
|
| 610 |
1 |
|
|a расчеты
|
| 610 |
1 |
|
|a тормозные свойства
|
| 610 |
1 |
|
|a расходы
|
| 610 |
1 |
|
|a топливо
|
| 610 |
1 |
|
|a коэффициенты
|
| 610 |
1 |
|
|a бригады
|
| 610 |
1 |
|
|a практические знания
|
| 610 |
1 |
|
|a высшая школа
|
| 675 |
|
|
|a 629.422(075.8)
|v 3
|
| 700 |
|
1 |
|a Карташев (Карташов)
|b Н. И.
|c специалист в области паровозостроения
|c директор Томского технологического института (1911-1916), профессор
|f 1867-1943
|g Николай Иванович
|2 stltpush
|3 (RuTPU)RU\TPU\pers\20245
|
| 712 |
0 |
2 |
|a Сибирский технологический институт (СТИ)
|c (Томск)
|c (1923-1930)
|2 stltpush
|3 (RuTPU)RU\TPU\col\5002
|
| 801 |
|
0 |
|a RU
|b 63413507
|c 20011210
|g PSBO
|
| 801 |
|
2 |
|a RU
|b 63413507
|c 20190923
|g PSBO
|
| 942 |
|
|
|c BK
|